000 00826cam a22002533a 4500
001 21397
003 PGUSA
005 20140828083445.0
008 070508s2007||||xxu|||||s|||||000 1 eng d
040 _aPGUSA
_beng
042 _adc
050 4 _aPZ
100 1 _aKingston, William Henry Giles,
_d1814-1880
245 1 0 _aManco, the Peruvian Chief :
_bAn Englishman's Adventures in the Country of the Incas
_h[electronic resource] /
_cWilliam Henry Giles Kingston
260 _bProject Gutenberg,
_c2007
506 _aPublic domain in the USA.
516 _aElectronic text
653 _aPeru -- Juvenile fiction
653 _aIndians of South America -- Peru -- Juvenile fiction
700 1 _aCooper, Alfred W.
830 0 _aProject Gutenberg
_v21397
856 4 0 _uhttp://www.gutenberg.org/ebooks/21397
942 _cEB
999 _c250652
_d250652